|
|
|
|
| LEADER |
00000nab a2200000 a 4500 |
| 001 |
vtls010255449 |
| 003 |
SK-MaSNL |
| 005 |
20260304155408.0 |
| 008 |
25050712c2007 xo o e slol |
| 035 |
|
|
|a SVKKK000086183
|
| 035 |
|
|
|a urn:nbn:sk:snk-aba13m
|
| 035 |
|
|
|a (urnnbn)urn:nbn:sk:snk:ar-a098de
|
| 035 |
|
|
|a (uuid)e4e6f126-b47d-4f21-9ee8-c6b8d62b6515
|
| 038 |
|
|
|a SVKKK
|
| 040 |
|
|
|a SNKBUCL
|b slo
|c SNKBUCL
|e AACR2
|
| 041 |
0 |
|
|a slo
|
| 044 |
|
|
|a xo
|c SK
|
| 080 |
|
|
|a 639.127.9:639.1.034(437.7.6)
|2 1997
|
| 100 |
1 |
|
|a Adamec, Michal
|4 aut
|9 270695
|
| 245 |
1 |
0 |
|a Hniezdenie kormoránov veľkých na Slovensku v roku 2006
|c Michal Adamec
|
| 300 |
|
|
|b Obr.
|
| 650 |
0 |
7 |
|a kormorán veľký
|2 snkbucl
|9 27409
|
| 773 |
0 |
|
|t Chránené územia Slovenska
|g Č. 71 (2007), s. 20
|x 1335-1737
|
| 850 |
|
|
|a Slovenská národná knižnica
|
| 852 |
|
|
|a Slovenská národná knižnica
|
| 954 |
|
|
|a odborná, vedecká literatúra pôvodná (slovenská)
|2 lita
|
| 958 |
|
|
|a article13
|
| 958 |
|
|
|a OND
|
| 958 |
|
|
|a EUIPO
|
| 999 |
|
|
|c 2962070
|d 2964000
|